| 000 | 00522nam a2200181 a 4500 | ||
|---|---|---|---|
| 001 | 1751 | ||
| 005 | 20140414131909.0 | ||
| 008 | 001214s19uu xx 00 eng d | ||
| 020 | _a0-307-00126-1 | ||
| 050 |
_aER _bBi48 1992 |
||
| 100 | _aAlexander, Liza | ||
| 245 |
_aBig bird visits Navajo country / _cby Liza Alexander ; illustrated by Maggie Swanson. |
||
| 260 |
_aU.S.A : _bA Sesame Street/Golden Book, _c1992. |
||
| 300 | _a1 v. p. ; cm. | ||
| 440 | _aCTW/Sesame Street | ||
| 650 | _aBig bird. | ||
| 999 |
_c111105 _d111105 |
||